000 003530000a22001570004500
005 20120302065135.0
942 _cBOOK
100 _a Poddar, Hanumanprasad
245 _a Dampatya - Jeevanka Adarsha
250 _a 3rd
260 _aGorakhpur:Geetapress
300 _a143p..-ill
040 _aHin
365 _b5/-
650 _aVaicharik, sankeerna
999 _c363999
_d363996